Central London offices - New Year prospects (Record no. 83821)

MARC details
000 -LEADER
fixed length control field 01077cab a22001935a 4500
001 - CONTROL NUMBER
control field L155128
008 - FIXED-LENGTH DATA ELEMENTS--GENERAL INFORMATION
fixed length control field 120305s2012 xxk 000 0 eng d
035 ## - SYSTEM CONTROL NUMBER
System control number (Sirsi) u155128
041 0# - LANGUAGE CODE
Language code of text/sound track or separate title eng
100 1# - MAIN ENTRY--PERSONAL NAME
Personal name Ives, Paul
245 00 - TITLE STATEMENT
Title Central London offices - New Year prospects
260 ## - PUBLICATION, DISTRIBUTION, ETC.
Date of publication, distribution, etc. 2012
490 #0 - SERIES STATEMENT
Series statement Sustainablebuilding inc Propertyforecast
Volume/sequential designation (60) February 2012, 14-15(2)
520 ## - SUMMARY, ETC.
Summary, etc. What are the prospects in 2012 for the central London office market after a fairly average year in 2011?. Although the number/volume of requirements in the central London office market is healthy, corporate caution will keep office take-up in 2012 down to similar levels to 2011. Rents are unlikely to rise far but available new office space will increase only slightly with refurbishments coming on-stream late in the year. 1000 companies will have to make relocation decisions in the next 18 months plus a further 2000 central London companies facing relocation decisions by 2016.
590 ## - LOCAL NOTE (RLIN)
Local note KA
651 #4 - SUBJECT ADDED ENTRY--GEOGRAPHIC NAME
Geographic name London
690 ## - LOCAL SUBJECT ADDED ENTRY--TOPICAL TERM (OCLC, RLIN)
Topical term or geographic name as entry element Commercial property
9 (RLIN) 6227
942 ## - ADDED ENTRY ELEMENTS (KOHA)
Suppress in OPAC 0
Holdings
Withdrawn status Lost status Source of classification or shelving scheme Damaged status Not for loan Home library Current library Shelving location Date acquired Total Checkouts Full call number Barcode Date last seen Price effective from Koha item type
    Dewey Decimal Classification     London London Journal article 05/03/2012   L155128 155128-1001 06/08/2019 06/08/2019 Journal